Beberapa aspek akademik dan psiko-sosial murid cacat pendengaran di sekolah percantuman di negeri Johor /
Saved in:
| Main Author: | |
|---|---|
| Format: | Thesis Book |
| Language: | Malay |
| Published: |
1986
|
| Subjects: | |
| Tags: |
Add Tag
No Tags, Be the first to tag this record!
|
| LEADER | 01316cam a2200313 4500 | ||
|---|---|---|---|
| 001 | u49148 | ||
| 003 | SIRSI | ||
| 008 | 861125s1986 my t 00 1 may m | ||
| 035 | |a AAF-2919 | ||
| 040 | |a UMM | ||
| 043 | |a a-my--- | ||
| 043 | |a a-my-jo | ||
| 090 | |a HV2870.6 |b Z8J7Ten | ||
| 091 | |a Microfiche 9546 | ||
| 100 | 1 | 0 | |a Teng, Shin Min, |c 1949- |
| 245 | 1 | 0 | |a Beberapa aspek akademik dan psiko-sosial murid cacat pendengaran di sekolah percantuman di negeri Johor / |c oleh Teng Shin Min. |
| 260 | |c 1986 | ||
| 300 | |a xviii, 260 leaves ; |c 28cm. | ||
| 500 | |a Mimeographed. | ||
| 500 | |a Also available on microfiche. Kuala Lumpur : Perpustakaan Universiti Malaya, 1994. 3 microfiches : negative ; 11x15cm | ||
| 502 | |a Dissertation (M.Ed.) - Fakulti Pendidikan, Universiti Malaya, 1986. | ||
| 504 | |a Bibliography: leaves 179-191. | ||
| 650 | 0 | |a Deaf |x Education |z Johor. | |
| 650 | 0 | |a People with disabilities |z Johor. | |
| 710 | 2 | 0 | |a Universiti Malaya. |b Fakulti Pendidikan. |
| 948 | |a 16/03/1991 |b 12/09/2002 | ||
| 596 | |a 1 8 | ||
| 999 | |a HV2870.6 Z8J7TEN |w LC |c 1 |i A010113601 |d 7/12/2012 |e 7/12/2012 |l STACKS |m P01UTAMA |n 18 |r Y |s Y |t TESIS |u 6/2/1992 | ||
| 999 | |a HV2870.6 Z8J7TEN |w LC |c 1 |i A506697776 |f 13/8/2020 |g 1 |l STACKS |m P08PENDIDI |r Y |s Y |t TESIS |u 2/10/1997 |1 AHSS |o .CIRCNOTE. |o .STAFF. Tesis disimpan di bilik tesis ( Blok D) | ||
